NFL First Team All Pro Linebackers - Statistics

General Stats
  • This quiz has been taken 306 times
    61 since last reset
  • The average score is 78 of 199
Answer Stats
Year Team Linebacker % Correct
2024 49ers Fred Warner
84%
2023 49ers Fred Warner
84%
2022 49ers Fred Warner
84%
2020 49ers Fred Warner
84%
2009 Ravens Ray Lewis
84%
2008 Ravens Ray Lewis
84%
2004 Ravens Ray Lewis
84%
2003 Ravens Ray Lewis
84%
2001 Ravens Ray Lewis
84%
2000 Ravens Ray Lewis
84%
1999 Ravens Ray Lewis
84%
2012 49ers Aldon Smith
82%
1992 Oilers Al Smith
82%
1998 Jets Mo Lewis
82%
2024 Ravens Roquan Smith
82%
2023 Ravens Roquan Smith
82%
2022 Ravens Roquan Smith
82%
2018 Panthers Luke Kuechly
78%
2017 Panthers Luke Kuechly
78%
2015 Panthers Luke Kuechly
78%
2014 Panthers Luke Kuechly
78%
2013 Panthers Luke Kuechly
78%
2020 Seahawks Bobby Wagner
72%
2019 Seahawks Bobby Wagner
72%
2018 Seahawks Bobby Wagner
72%
2017 Seahawks Bobby Wagner
72%
2016 Seahawks Bobby Wagner
72%
2014 Seahawks Bobby Wagner
72%
2021 Packers De'Vondre Campbell
68%
2025 Lions Jack Campbell
68%
2019 Saints Demario Davis
66%
2024 Eagles Zack Baun
66%
2025 Dolphins Jordyn Brooks
64%
2015 Panthers Thomas Davis
64%
2005 Buccaneers Derrick Brooks
62%
2004 Buccaneers Derrick Brooks
62%
2002 Buccaneers Derrick Brooks
62%
2000 Buccaneers Derrick Brooks
62%
1999 Buccaneers Derrick Brooks
62%
1989 Giants Lawrence Taylor
58%
1988 Giants Lawrence Taylor
58%
1986 Giants Lawrence Taylor
58%
1985 Giants Lawrence Taylor
58%
1984 Giants Lawrence Taylor
58%
1983 Giants Lawrence Taylor
58%
1982 Giants Lawrence Taylor
58%
1981 Giants Lawrence Taylor
58%
2021 Cowboys Micah Parsons
58%
2023 Jets Quincy Williams
56%
2016 Broncos Von Miller
56%
2015 Broncos Von Miller
56%
2012 Broncos Von Miller
56%
2012 49ers Patrick Willis
54%
2011 49ers Patrick Willis
54%
2010 49ers Patrick Willis
54%
2009 49ers Patrick Willis
54%
2007 49ers Patrick Willis
54%
2001 Browns Jamir Miller
52%
2000 Chargers Junior Seau
52%
1998 Chargers Junior Seau
52%
1996 Chargers Junior Seau
52%
1994 Chargers Junior Seau
52%
1993 Chargers Junior Seau
52%
1992 Chargers Junior Seau
52%
2022 Bills Matt Milano
52%
2021 Colts Shaquille Leonard
52%
2020 Colts Shaquille Leonard
52%
2018 Colts Shaquille Leonard
52%
2006 Bears Brian Urlacher
50%
2005 Bears Brian Urlacher
50%
2002 Bears Brian Urlacher
50%
2001 Bears Brian Urlacher
50%
2017 Cardinals Chandler Jones
50%
2011 Ravens Terrell Suggs
50%
1983 Steelers Jack Lambert
48%
1982 Steelers Jack Lambert
48%
1981 Steelers Jack Lambert
48%
1980 Steelers Jack Lambert
48%
1979 Steelers Jack Lambert
48%
1976 Steelers Jack Lambert
48%
1991 Bears Mike Singletary
48%
1989 Bears Mike Singletary
48%
1988 Bears Mike Singletary
48%
1987 Bears Mike Singletary
48%
1986 Bears Mike Singletary
48%
1985 Bears Mike Singletary
48%
1984 Bears Mike Singletary
48%
1979 Steelers Jack Ham
46%
1978 Steelers Jack Ham
46%
1977 Steelers Jack Ham
46%
1976 Steelers Jack Ham
46%
1975 Steelers Jack Ham
46%
1974 Steelers Jack Ham
46%
2015 Raiders Khalil Mack
46%
1996 Panthers Kevin Greene
44%
1994 Steelers Kevin Greene
44%
2011 Chiefs Derrick Johnson
42%
2013 Buccaneers Lavonte David
42%
2015 49ers NaVorro Bowman
42%
2013 49ers NaVorro Bowman
42%
2012 49ers NaVorro Bowman
42%
2011 49ers NaVorro Bowman
42%
1990 Giants Thomas Johnson
42%
1989 Packers Tim Harris
42%
2006 Ravens Adalius Thomas
40%
1991 Chiefs Derrick Thomas
40%
1990 Chiefs Derrick Thomas
40%
1974 Chiefs Emmitt Thomas
40%
2010 Steelers James Harrison
40%
2008 Steelers James Harrison
40%
2006 Dolphins Zach Thomas
40%
2003 Dolphins Zach Thomas
40%
2002 Dolphins Zach Thomas
40%
1999 Dolphins Zach Thomas
40%
1998 Dolphins Zach Thomas
40%
2019 Vikings Eric Kendricks
36%
1972 Bears Dick Butkus
34%
1970 Bears Dick Butkus
34%
2010 Packers Clay Matthews
32%
2011 Cowboys DeMarcus Ware
32%
2009 Cowboys DeMarcus Ware
32%
2008 Cowboys DeMarcus Ware
32%
2007 Cowboys DeMarcus Ware
32%
2016 Cowboys Sean Lee
32%
1977 Broncos Tom Jackson
32%
1998 Seahawks Chad Brown
22%
1996 Steelers Chad Brown
22%
2007 Patriots Mike Vrabel
22%
2013 Colts Robert Mathis
22%
2014 Chiefs Justin Houston
20%
1996 Panthers Sam Mills
20%
1982 Raiders Ted Hendricks
20%
1980 Raiders Ted Hendricks
20%
1974 Packers Ted Hendricks
20%
1971 Colts Ted Hendricks
20%
1973 Chiefs Willie Lanier
20%
1971 Chiefs Willie Lanier
20%
1995 Bills Bryce Paup
18%
1970 Chiefs Bobby Bell
16%
1987 Seahawks Fredd Young
16%
1995 Steelers Greg Lloyd
16%
1994 Steelers Greg Lloyd
16%
1993 Steelers Greg Lloyd
16%
2005 Bears Lance Briggs
16%
2006 Chargers Shawne Merriman
16%
1990 49ers Charles Haley
14%
1988 Bills Cornelius Bennett
14%
2002 Steelers Joey Porter
14%
1992 Saints Pat Swilling
14%
1991 Saints Pat Swilling
14%
1978 Broncos Randy Gradishar
14%
1977 Broncos Randy Gradishar
14%
1984 Raiders Rod Martin
14%
1992 Redskins Wilber Marshall
14%
1986 Bears Wilber Marshall
14%
2005 Broncos Al Wilson
12%
2014 Ravens Elvis Dumervil
12%
2009 Broncos Elvis Dumervil
12%
1997 Buccaneers Hardy Nickerson
12%
1993 Buccaneers Hardy Nickerson
12%
2004 Steelers James Farrior
12%
2010 Patriots Jerod Mayo
12%
1997 Steelers Levon Kirkland
12%
1987 Patriots Andre Tippett
10%
1985 Patriots Andre Tippett
10%
1987 Giants Carl Banks
10%
1983 Browns Chip Banks
10%
1991 Lions Chris Spielman
10%
2000 Eagles Jeremiah Trotter
10%
1989 Broncos Karl Mecklenburg
10%
1986 Broncos Karl Mecklenburg
10%
1985 Broncos Karl Mecklenburg
10%
1979 Oilers Robert Brazile
10%
1978 Oilers Robert Brazile
10%
2003 Titans Keith Bulluck
8%
1970 Cowboys Chuck Howley
6%
2003 49ers Julian Peterson
6%
1995 49ers Ken Norton Jr.
6%
1999 Jaguars Kevin Hardy
6%
1974 Bills Robert James
6%
1973 Bills Robert James
6%
1975 Redskins Chris Hanburger
4%
1972 Redskins Chris Hanburger
4%
2001 Steelers Jason Gildon
4%
1997 Giants Jessie Armstead
4%
2008 Panthers Jon Beason
4%
2007 Seahawks Lofa Tatupu
4%
2004 Bills Takeo Spikes
4%
1975 Eagles Bill Bergey
2%
1972 49ers Dave Wilcox
2%
1971 49ers Dave Wilcox
2%
1984 Cardinals E. J. Junior
2%
1997 Broncos John Mobley
2%
1990 Dolphins John Offerdahl
2%
1980 Vikings Matt Blair
2%
1993 Saints Renaldo Turnbull
2%
1981 Broncos Bob Swenson
0%
1976 Rams Isiah Robertson
0%
1973 Rams Isiah Robertson
0%
No matching quizzes found
Score Distribution
Percent of People with Each Score
Percentile by Number Answered
Your Score History
You have not taken this quiz since the last reset